000 00518nam a2200217Ia 4500
003 OSt
005 20220924135004.0
006 a|||||r|||| 00| 0
007 ta
008 220923b |||||||| |||| 00| 0 ben d
024 _a288143
037 _cTextual
040 _aARTS
_cARTS
_bben
041 _2ben
_aben
082 _aN8wNo9, 157L9
100 _aDa
_9209632
245 0 _aBhismader jiban sangeet
260 _c1979
942 _hN8wNo9, 157L9
_cTEXL
_2CC
999 _c439350
_d439350